Understanding the relationship between social capital and political disaffection in the new post-communist democracies /
Gardado en:
| Autor Principal: | |
|---|---|
| Outros autores: | |
| Formato: | Texto |
| Idioma: | Spanish |
| Publicado: |
New York:
Routledge
|
| Materias: | |
| Etiquetas: |
Engadir etiqueta
Sen Etiquetas, Sexa o primeiro en etiquetar este rexistro!
|
MARC
| LEADER | 00000 a a2200000 04500 | ||
|---|---|---|---|
| 001 | 36041 | ||
| 003 | cru IIS | ||
| 005 | 20230629132645.0 | ||
| 008 | 230629b |||||||| |||| 00| 0 spa d | ||
| 020 | |a 0-415-34066-7 | ||
| 040 | |c CRAI/IIS | ||
| 090 | |a 0002 T67c | ||
| 100 | |a Evans, Geoffrey |9 11478 | ||
| 245 | |a Understanding the relationship between social capital and political disaffection in the new post-communist democracies / |c Geoffrey Evans y Natalia Letki | ||
| 260 | |a New York: |b Routledge | ||
| 300 | |a 130-154 p. | ||
| 650 | |a DESAFECCION POLITICA | ||
| 650 | |a DEMOCRACIA | ||
| 650 | |a POLITICA | ||
| 700 | |a Letki, Natalia |9 11479 | ||
| 773 | 0 | |0 299 |9 1263 |a Torcal, Mariano |d New York: Routledge |o 03241 |t Political disaffection in comtemporary democracies: social capital, institutions, and politics / |w (cru CIDCACS/IIS)36037 |z 0415340667 | |
| 942 | |2 ddc |c LI | ||
| 999 | |c 11738 |d 11738 | ||



